Diccionario Oxford Pocket para estudiantes argentinos de inglés (Registro nro. 2366)
[ vista simple ]
| 000 -LEADER | |
|---|---|
| fixed length control field | 00778 a2200217 4500 |
| 001 - CONTROL NUMBER | |
| control field | 33566 |
| 005 - DATE AND TIME OF LATEST TRANSACTION | |
| control field | 20260407155627.0 |
| 008 - FIXED-LENGTH DATA ELEMENTS--GENERAL INFORMATION | |
| fixed length control field | 260407a2014 arg spa d |
| 003 - CONTROL NUMBER IDENTIFIER | |
| control field | AR-UNSa-BCEJYS |
| 040 ## - CATALOGING SOURCE | |
| Original cataloging agency | AR-UNSa-BCEJYS |
| Language of cataloging | spa |
| Transcribing agency | AR-UNSa-BCEJYS |
| 080 ## - UNIVERSAL DECIMAL CLASSIFICATION NUMBER | |
| Universal Decimal Classification number | (038.2)=111 |
| Common auxiliary subdivision | Diccionario bilingüe español-inglés, inglés-español |
| 020 ## - INTERNATIONAL STANDARD BOOK NUMBER | |
| International Standard Book Number | 978-0-19-424118-2 |
| 041 ## - LANGUAGE CODE | |
| Language code of text/sound track or separate title | spa |
| 245 10 - TITLE STATEMENT | |
| Title | Diccionario Oxford Pocket para estudiantes argentinos de inglés |
| Name of part/section of a work | español-inglés/inglés-español |
| 250 ## - EDITION STATEMENT | |
| Edition statement | 2a. ed. |
| 264 #1 - PRODUCTION, PUBLICATION, DISTRIBUTION, MANUFACTURE, AND COPYRIGHT NOTICE | |
| Place of production, publication, distribution, manufacture | New York : |
| Name of producer, publisher, distributor, manufacturer | Oxford University Press |
| Date of production, publication, distribution, manufacture, or copyright notice | 2014 |
| 300 ## - PHYSICAL DESCRIPTION | |
| Extent | 791 p. |
| Dimensions | 18 cm. |
| 590 ## - LOCAL NOTE (RLIN) | |
| Local note | niveau_biblio:m niveau_hierar:0 |
| 856 41 - ELECTRONIC LOCATION AND ACCESS | |
| Uniform Resource Identifier | <a href="https://biblioeco.unsa.edu.ar/pmb/images/libros/dic_oxford.jpg">https://biblioeco.unsa.edu.ar/pmb/images/libros/dic_oxford.jpg</a> |
| Link text | Imagen de portada |
| Electronic format type | image/jpeg |
| 942 ## - ADDED ENTRY ELEMENTS (KOHA) | |
| Koha item type | |
| Withdrawn status | Lost status | Damaged status | Not for loan | Home library | Current library | Shelving location | Date acquired | Total checkouts | Full call number | Barcode | Date last seen | Price effective from | Koha item type | Public note |
|---|---|---|---|---|---|---|---|---|---|---|---|---|---|---|
| Biblioteca Prof. Eusebio Cleto del Rey | Biblioteca Prof. Eusebio Cleto del Rey | 07/04/2026 | R(038.2)=111 D546 2ed. | L125336 | 07/04/2026 | 07/04/2026 | Libro | |||||||
| Biblioteca Prof. Eusebio Cleto del Rey | Biblioteca Prof. Eusebio Cleto del Rey | 07/04/2026 | R(038.2)=111 D546 2ed. | L125337 | 07/04/2026 | 07/04/2026 | Libro | ÚLTIMA PÁG CON LÁPIZ LEVE | ||||||
| Biblioteca Prof. Eusebio Cleto del Rey | Biblioteca Prof. Eusebio Cleto del Rey | 07/04/2026 | R(038.2)=111 D546 2ed. | L125338 | 07/04/2026 | 07/04/2026 | Libro | PÁG 791 LINEAS CON LÁPIZ NEGRO Y LAPICERA LEVE | ||||||
| Biblioteca Prof. Eusebio Cleto del Rey | Biblioteca Prof. Eusebio Cleto del Rey | 07/04/2026 | R(038.2)=111 D546 2ed. | L126314 | 07/04/2026 | 07/04/2026 | Libro | |||||||
| Biblioteca Prof. Eusebio Cleto del Rey | Biblioteca Prof. Eusebio Cleto del Rey | 07/04/2026 | R(038.2)=111 D546 2ed. | L126315 | 07/04/2026 | 07/04/2026 | Libro | |||||||
| Biblioteca Prof. Eusebio Cleto del Rey | Biblioteca Prof. Eusebio Cleto del Rey | 07/04/2026 | R(038.2)=111 D546 2ed. | L126316 | 07/04/2026 | 07/04/2026 | Libro | CANTO MANCHADO CON ROJO,NARANJA, LINEA AZUL Y NEGRA | ||||||
| Biblioteca Prof. Eusebio Cleto del Rey | Biblioteca Prof. Eusebio Cleto del Rey | 07/04/2026 | R(038.2)=111 D546 2ed. | L128155 | 07/04/2026 | 07/04/2026 | Libro | |||||||
| Biblioteca Prof. Eusebio Cleto del Rey | Biblioteca Prof. Eusebio Cleto del Rey | 07/04/2026 | R(038.2)=111 D546 2ed. | L128156 | 07/04/2026 | 07/04/2026 | Libro | |||||||
| Biblioteca Prof. Eusebio Cleto del Rey | Biblioteca Prof. Eusebio Cleto del Rey | 07/04/2026 | R(038.2)=111 D546 2ed. | L128157 | 07/04/2026 | 07/04/2026 | Libro |